000 00431nam a2200181Ia 4500
001 11118
005 20260306161922.0
008 260306t2003||||xx |||||||||||||| ||spa||
041 _aESP
082 _a985.009
_bH72
100 _aPerú. Congreso de la República
_eAUT
245 0 _aHomenaje a Belaúnde
260 _c2003
300 _a31 páginas :
_c22 cm.
650 _aGEN
654 _aCHU
942 _cLIB
_dJUS
_fJUS
_2ddc
_n
999 _c11118
_d11118